| 000 | 00410cam a2200157 i 4500 | ||
|---|---|---|---|
| 020 | _a0312386419 : | ||
| 020 | _a0312386427 pbk. : | ||
| 082 | 0 | 0 |
_a959 _bHAL |
| 100 | 1 | _aHall, D. G. E. | |
| 245 | 1 | 2 | _aA history of South-East Asia / |
| 250 | _a4th ed. | ||
| 260 |
_aNew York : _bSt. Martin's Press, _c1981. |
||
| 300 |
_axxx, 1070 p., [1] leaf of plates : _bill. ; |
||
| 500 | _aIncludes index. | ||
| 942 | _cBK | ||
| 999 |
_c21266 _d21266 |
||